|
|
|
|
| LEADER |
00000nab a2200000 a 4500 |
| 001 |
vtls000725356 |
| 003 |
SK-MaSNL |
| 005 |
20260304124726.0 |
| 008 |
250429c1999 xo 0 slo |
| 015 |
|
|
|a SNBRB2000/06-15419
|
| 035 |
|
|
|a CLN000077519
|
| 035 |
|
|
|a urn:nbn:sk:snk-abjwx
|
| 035 |
|
|
|a (urnnbn)urn:nbn:sk:snk:ar-a04vca
|
| 035 |
|
|
|a (uuid)e9650b3d-2f32-4167-8151-3ded2f5e7e28
|
| 040 |
|
|
|a SNKBUCL
|b slo
|c SNKBUCL
|e AACR2
|
| 041 |
0 |
|
|a slo
|
| 044 |
|
|
|a xo
|c SK
|
| 080 |
|
|
|a 616.127-005.8:616-006.488
|2 1997
|
| 080 |
|
|
|a 616-006.488
|2 1997
|
| 245 |
0 |
0 |
|a Akútny infarkt myokardu u pacientky s nepoznaným feochromocytómom
|c M. Marko ... [et al.]
|
| 611 |
1 |
7 |
|a Konferencia vojenských internistov s medzinárodnou účasťou
|n 44.
|d 1998
|c Košice, Slovensko
|x referáty
|2 snkbucl
|9 1403085
|
| 650 |
0 |
7 |
|a myokard
|2 SNKPH
|9 14737
|
| 650 |
0 |
7 |
|a akútny infarkt myokardu
|2 SNK
|9 847499
|
| 650 |
0 |
7 |
|a feochromocytómy
|2 SNKPH
|9 18644
|
| 650 |
0 |
7 |
|a arteriálna hypertenzia
|2 SNKPH
|9 29016
|
| 655 |
|
7 |
|a články z novín a časopisov
|2 SNK
|9 267496
|
| 700 |
1 |
|
|a Marko, M.
|4 aut
|9 344069
|
| 700 |
1 |
|
|a Blažíček, Pavel,
|d 1942-
|4 aut
|9 178661
|
| 700 |
1 |
|
|a Breza, Ján,
|d 1948-
|4 aut
|9 101413
|
| 700 |
1 |
|
|a Martinkovič, M.
|4 aut
|9 1141929
|
| 773 |
0 |
|
|t Medicina militaris slovaca
|g Roč. 1, č. 2 (1999), s. 37
|x 0028-5139
|
| 850 |
|
|
|a Slovenská národná knižnica
|
| 852 |
|
|
|a Slovenská národná knižnica
|
| 954 |
|
|
|a odborná, vedecká literatúra pôvodná (slovenská)
|2 lita
|
| 958 |
|
|
|a article27
|
| 958 |
|
|
|a MI
|
| 958 |
|
|
|a OND
|
| 958 |
|
|
|a EUIPO
|
| 999 |
|
|
|c 2892002
|d 2893932
|